| 000 | 00923cam a2200157ua 4500 | ||
|---|---|---|---|
| 041 |
_aeng _h |
||
| 082 |
_a683.374 _bIND/SP |
||
| 110 | 1 |
_aIndian standards institution . _bISi _c() |
|
| 245 |
_aSpecification for door closers / _cIndian standards institution. _hTextual Documents |
||
| 250 |
_a1 / _b. |
||
| 260 |
_aNew Delhi : _bIndian standards institution , _c1987. |
||
| 300 | _a13 ; . | ||
| 504 | _a | ||
| 942 | _cBK | ||
| 999 |
_c10939 _d10939 |
||